<?xml version="1.0" encoding="UTF-8"?><?xml-stylesheet type="text/xsl" href="static/style.xsl"?><OAI-PMH xmlns="http://www.openarchives.org/OAI/2.0/" xmlns:xsi="http://www.w3.org/2001/XMLSchema-instance" xsi:schemaLocation="http://www.openarchives.org/OAI/2.0/ http://www.openarchives.org/OAI/2.0/OAI-PMH.xsd"><responseDate>2026-04-17T02:59:43Z</responseDate><request verb="GetRecord" identifier="oai:www.recercat.cat:11351/3518" metadataPrefix="marc">https://recercat.cat/oai/request</request><GetRecord><record><header><identifier>oai:recercat.cat:11351/3518</identifier><datestamp>2025-10-24T10:57:48Z</datestamp><setSpec>com_2072_378068</setSpec><setSpec>com_2072_378040</setSpec><setSpec>col_2072_378090</setSpec></header><metadata><record xmlns="http://www.loc.gov/MARC21/slim" xmlns:dcterms="http://purl.org/dc/terms/" xmlns:xsi="http://www.w3.org/2001/XMLSchema-instance" xmlns:doc="http://www.lyncode.com/xoai" xsi:schemaLocation="http://www.loc.gov/MARC21/slim http://www.loc.gov/standards/marcxml/schema/MARC21slim.xsd">
   <leader>00925njm 22002777a 4500</leader>
   <datafield ind2=" " ind1=" " tag="042">
      <subfield code="a">dc</subfield>
   </datafield>
   <datafield ind2=" " ind1=" " tag="720">
      <subfield code="a">Harris, Michael</subfield>
      <subfield code="e">author</subfield>
   </datafield>
   <datafield ind2=" " ind1=" " tag="720">
      <subfield code="a">Frey, Peter</subfield>
      <subfield code="e">author</subfield>
   </datafield>
   <datafield ind2=" " ind1=" " tag="720">
      <subfield code="a">Esteva, Magdalena</subfield>
      <subfield code="e">author</subfield>
   </datafield>
   <datafield ind2=" " ind1=" " tag="720">
      <subfield code="a">Gašparović-Babić, Svjetlana</subfield>
      <subfield code="e">author</subfield>
   </datafield>
   <datafield ind2=" " ind1=" " tag="720">
      <subfield code="a">Marzo-Castillejo, Mercè</subfield>
      <subfield code="e">author</subfield>
   </datafield>
   <datafield ind2=" " ind1=" " tag="720">
      <subfield code="a">Petek, Davorina</subfield>
      <subfield code="e">author</subfield>
   </datafield>
   <datafield ind2=" " ind1=" " tag="720">
      <subfield code="a">Petek-Ster, Marija</subfield>
      <subfield code="e">author</subfield>
   </datafield>
   <datafield ind2=" " ind1=" " tag="720">
      <subfield code="a">Thulesius, Hans</subfield>
      <subfield code="e">author</subfield>
   </datafield>
   <datafield ind2=" " ind1=" " tag="260">
      <subfield code="c">2018-06-18T09:37:13Z</subfield>
   </datafield>
   <datafield ind2=" " ind1=" " tag="260">
      <subfield code="c">2018-06-18T09:37:13Z</subfield>
   </datafield>
   <datafield ind2=" " ind1=" " tag="260">
      <subfield code="c">2017-03-06</subfield>
   </datafield>
   <datafield ind2=" " ind1=" " tag="520">
      <subfield code="a">Primary Health Care; Cancer; Diagnosis</subfield>
   </datafield>
   <datafield ind2=" " ind1=" " tag="520">
      <subfield code="a">Atenció primària de salut; Càncer; Diagnòstic</subfield>
   </datafield>
   <datafield ind2=" " ind1=" " tag="520">
      <subfield code="a">Atención primaria de salud; Cáncer; Diagnóstico</subfield>
   </datafield>
   <datafield ind2=" " ind1=" " tag="520">
      <subfield code="a">OBJECTIVE: European cancer survival rates vary widely. System factors, including whether or not primary care physicians (PCPs) are gatekeepers, may account for some of these differences. This study explores where patients who may have cancer are likely to present for medical care in different European countries, and how probability of presentation to a primary care clinician correlates with cancer survival rates. DESIGN: Seventy-eight PCPs in a range of European countries assessed four vignettes representing patients who might have cancer, and consensus groups agreed how likely those patients were to present to different clinicians in their own countries. These data were compared with national cancer survival rates. SETTING:A total of 14 countries. SUBJECTS:Consensus groups of PCPs. MAIN OUTCOME MEASURES:Probability of initial presentation to a PCP for four clinical vignettes. RESULTS: There was no significant correlation between overall national 1-year relative cancer survival rates and the probability of initial presentation to a PCP (r  = -0.16, 95% CI -0.39 to 0.08). Within that there was large variation depending on the type of cancer, with a significantly poorer lung cancer survival in countries where patients were more likely to initially consult a PCP (lung r = -0.57, 95% CI -0.83 to -0.12; ovary: r = -0.13, 95% CI -0.57 to 0.38; breast r = 0.14, 95% CI -0.36 to 0.58; bowel: r = 0.20, 95% CI -0.31 to 0.62). CONCLUSIONS: There were wide variations in the degree of gatekeeping between countries, with no simple binary model as to whether or not a country has a "PCP-as-gatekeeper" system. While there was case-by-case variation, there was no overall evidence of a link between a higher probability of initial consultation with a PCP and poorer cancer survival. KEY POINTS European cancer survival rates vary widely, and health system factors may account for some of these differences. The data from 14 European countries show a wide variation in the probability of initial presentation to a PCP. The degree to which PCPs act as gatekeepers varies considerably from country to country. There is no overall evidence of a link between a higher probability of initial presentation to a PCP and poorer cancer survival</subfield>
   </datafield>
   <datafield ind1="8" ind2=" " tag="024">
      <subfield code="a">http://hdl.handle.net/11351/3518</subfield>
   </datafield>
   <datafield tag="653" ind2=" " ind1=" ">
      <subfield code="a">Càncer - Pacients - Assistència hospitalària</subfield>
   </datafield>
   <datafield tag="653" ind2=" " ind1=" ">
      <subfield code="a">Càncer - Diagnòstic</subfield>
   </datafield>
   <datafield tag="653" ind2=" " ind1=" ">
      <subfield code="a">Càncer - Presa de decisions</subfield>
   </datafield>
   <datafield tag="653" ind2=" " ind1=" ">
      <subfield code="a">HEALTH CARE::Health Services Administration::Patient Care Management::Comprehensive Health Care::Primary Health Care</subfield>
   </datafield>
   <datafield tag="653" ind2=" " ind1=" ">
      <subfield code="a">DISEASES::Neoplasms</subfield>
   </datafield>
   <datafield tag="653" ind2=" " ind1=" ">
      <subfield code="a">Other subheadings::Other subheadings::/diagnosis</subfield>
   </datafield>
   <datafield tag="653" ind2=" " ind1=" ">
      <subfield code="a">ANALYTICAL, DIAGNOSTIC AND THERAPEUTIC TECHNIQUES AND EQUIPMENT::Diagnosis::Clinical Decision-Making</subfield>
   </datafield>
   <datafield tag="653" ind2=" " ind1=" ">
      <subfield code="a">ENFERMEDADES::neoplasias</subfield>
   </datafield>
   <datafield tag="653" ind2=" " ind1=" ">
      <subfield code="a">SALUD PÚBLICA::atención a la salud (salud pública)::niveles de atención a la salud::atención a la salud (salud pública)::atención primaria de la salud</subfield>
   </datafield>
   <datafield tag="653" ind2=" " ind1=" ">
      <subfield code="a">Otros calificadores::Otros calificadores::/diagnóstico</subfield>
   </datafield>
   <datafield tag="653" ind2=" " ind1=" ">
      <subfield code="a">TÉCNICAS Y EQUIPOS ANALÍTICOS, DIAGNÓSTICOS Y TERAPÉUTICOS::diagnóstico::toma de decisiones clínicas</subfield>
   </datafield>
   <datafield ind2="0" ind1="0" tag="245">
      <subfield code="a">How the probability of presentation to a primary care clinician correlates with cancer survival rates: a European survey using vignettes</subfield>
   </datafield>
</record></metadata></record></GetRecord></OAI-PMH>